| 000 | 00000nam 2200000za 4500 |
| 001 | 9.816934 |
| 003 | CaOODSP |
| 005 | 20221107142347 |
| 007 | cr ||||||||||| |
| 008 | 160505s2006 onc |o f|0| 0 eng d |
| 020 | |z0-662-49002-9 |
| 040 | |aCaOODSP|beng |
| 043 | |an-cn--- |
| 086 | 1 |aSG5-1/2006E-PDF |
| 245 | 00|aOur service standards |h[electronic resource]. |
| 260 | |a[Ottawa] : |bService Canada, |c2006. |
| 300 | |a[1] p. : |bphotos. |
| 500 | |aIssued also in French under title: Nos normes de service. |
| 500 | |aThe catalogue number (SG5-1/2006E) and ISBN (0-662-49002-9) for the print edition have been copied in this electronic publication. |
| 500 | |a1 sheet (English text, [1] p.) |
| 692 | 07|2gccst|aServices |
| 710 | 1 |aCanada. |bService Canada. |
| 775 | 08|tNos normes de service |w(CaOODSP)9.816936 |
| 856 | 40|qPDF|s205 KB|uhttps://publications.gc.ca/collections/collection_2016/servcan/SG5-1-2006-eng.pdf |
| 986 | |aSC-209-07-06 |